The macro economy today / (Record no. 867)
[ view plain ]
| 000 -LEADER | |
|---|---|
| fixed length control field | 00748cam a2200229 a 4500 |
| 001 - CONTROL NUMBER | |
| control field | 1212547 |
| 005 - DATE AND TIME OF LATEST TRANSACTION | |
| control field | 20241108115253.0 |
| 008 - FIXED-LENGTH DATA ELEMENTS--GENERAL INFORMATION | |
| fixed length control field | 990520s2000 maua 001 0 eng |
| 020 ## - INTERNATIONAL STANDARD BOOK NUMBER | |
| International Standard Book Number | 0073662771 (alk. paper) |
| 020 ## - INTERNATIONAL STANDARD BOOK NUMBER | |
| International Standard Book Number | 9780073662770 |
| 050 00 - LIBRARY OF CONGRESS CALL NUMBER | |
| Classification number | HB172.5 |
| Item number | .S3425 2000 |
| 082 00 - DEWEY DECIMAL CLASSIFICATION NUMBER | |
| Classification number | 339 |
| Edition information | 21 |
| 100 1# - MAIN ENTRY--PERSONAL NAME | |
| Personal name | Schiller, Bradley R., |
| Dates associated with a name | 1943- |
| 245 14 - TITLE STATEMENT | |
| Title | The macro economy today / |
| Statement of responsibility, etc. | Bradley R. Schiller. |
| 250 ## - EDITION STATEMENT | |
| Edition statement | 8th ed. |
| 260 ## - PUBLICATION, DISTRIBUTION, ETC. | |
| Place of publication, distribution, etc. | Boston : |
| Name of publisher, distributor, etc. | Irwin/McGraw-Hill, |
| Date of publication, distribution, etc. | c2000. |
| 300 ## - PHYSICAL DESCRIPTION | |
| Extent | xxxi, 452, 4, 8, 41 p. : |
| Other physical details | ill. (some col.) ; |
| Dimensions | 28 cm. |
| 500 ## - GENERAL NOTE | |
| General note | Together with The micro economy today comprises a 2 vol. ed. of: The economy today. 8th ed. |
| 500 ## - GENERAL NOTE | |
| General note | Includes index. |
| 650 #0 - SUBJECT ADDED ENTRY--TOPICAL TERM | |
| Topical term or geographic name entry element | Macroeconomics. |
| 942 ## - ADDED ENTRY ELEMENTS (KOHA) | |
| Source of classification or shelving scheme | Library of Congress Classification |
| Koha item type | Books |
| Edition | 8th Ed. |
| Suppress in OPAC | No |
| 999 ## - | |
| -- | 867 |
| -- | 867 |
| Withdrawn status | Lost status | Source of classification or shelving scheme | Damaged status | Not for loan | Collection | Home library | Current library | Shelving location | Date acquired | Total checkouts | Full call number | Barcode | Date last seen | Copy number | Price effective from | Koha item type |
|---|---|---|---|---|---|---|---|---|---|---|---|---|---|---|---|---|
| Library of Congress Classification | Non-fiction | Business Library (Miotso) | Business Library (Miotso) | General stacks | 11/08/2024 | HB172.5 .S3425 2000 | BSSM00000178 | 11/08/2024 | 1 | 11/08/2024 | Books | |||||
| Library of Congress Classification | Non-fiction | Business Library (Miotso) | Business Library (Miotso) | General stacks | 11/08/2024 | HB172.5 .S3425 2000 | BSSM00000179 | 11/08/2024 | 2 | 11/08/2024 | Books | |||||
| Library of Congress Classification | Non-fiction | Business Library (Miotso) | Business Library (Miotso) | General stacks | 11/08/2024 | HB172.5 .S3425 2000 | BSSM00000180 | 11/08/2024 | 3 | 11/08/2024 | Books | |||||
| Library of Congress Classification | Non-fiction | Business Library (Miotso) | Business Library (Miotso) | General stacks | 11/08/2024 | HB172.5 .S3425 2000 | BSSM00000181 | 11/08/2024 | 4 | 11/08/2024 | Books | |||||
| Library of Congress Classification | Non-fiction | Business Library (Miotso) | Business Library (Miotso) | General stacks | 11/08/2024 | HB172.5 .S3425 2000 | BSSM00000182 | 11/08/2024 | 5 | 11/08/2024 | Books | |||||
| Library of Congress Classification | Non-fiction | Business Library (Miotso) | Business Library (Miotso) | General stacks | 11/08/2024 | HB172.5 .S3425 2000 | BSSM00000183 | 11/08/2024 | 6 | 11/08/2024 | Books | |||||
| Library of Congress Classification | Non-fiction | Graduate Library (Christ Temple) | Graduate Library (Christ Temple) | General stacks | 03/26/2025 | HB 172.5 SCH | GSCT00000830 | 03/26/2025 | 1 | 03/26/2025 | Books | |||||
| Library of Congress Classification | Non-fiction | Graduate Library (Christ Temple) | Graduate Library (Christ Temple) | General stacks | 03/26/2025 | HB 172.5 SCH | GSCT00000831 | 03/26/2025 | 2 | 03/26/2025 | Books | |||||
| Library of Congress Classification | Non-fiction | Graduate Library (Christ Temple) | Graduate Library (Christ Temple) | General stacks | 03/26/2025 | HB 172.5 SCH | GSCT00000832 | 03/26/2025 | 3 | 03/26/2025 | Books | |||||
| Library of Congress Classification | Non-fiction | Graduate Library (Christ Temple) | Graduate Library (Christ Temple) | General stacks | 03/26/2025 | HB 172.5 SCH | GSCT00000833 | 03/26/2025 | 4 | 03/26/2025 | Books |